Normal view
MARC view
- الدلجاوي ، احمد عبد الصبور
Entry Personal Name
001 - CONTROL NUMBER
- control field: 53127
003 - CONTROL NUMBER IDENTIFIER
- control field: JO-AjAnu
005 - DATE AND TIME OF LATEST TRANSACTION
- control field: 20230606082728.0
008 - FIXED-LENGTH DATA ELEMENTS
- fixed length control field: 230606|| aca||aabn | a|a d
040 ## - CATALOGING SOURCE
- Original cataloging agency: JO-AjAnu
- Transcribing agency: JO-AjAnu
100 ## - HEADING--PERSONAL NAME
- Personal name: الدلجاوي ، احمد عبد الصبور
670 ## - SOURCE DATA FOUND
- Source citation: Work cat.: (JO-AjAnu)27144: الدلجاوي ، احمد عبد الصبور, author, العيادات القانونية بين النظرية والتطبيق